000 00449nam a2200181Ia 4500
001 316
005 20260306140508.0
008 260306t1967||||xx |||||||||||||| ||spa||
041 _aESP
082 _a101
_bC28
100 _aCarreras Artau, Joaquín
_eAUT
245 0 _aCurso de filosofía :
_bpara sexto curso de bachillerato
260 _c1967
300 _a328 páginas :
_c21 cm.
650 _aGEN
654 _aCHU
942 _cLIB
_dJUS
_fJUS
_2ddc
_n
999 _c316
_d316